Suomalaisia, joilla on E-alkuiset nimikirjaimet - Statistics

Yleistilastot
  • Tätä visaa on pelattu 199 kertaa
    170 viimeisimmän päivityksen jälkeen
  • Keskiarvotulos 10 / 19
Vastaustilastot
Vihje Henkilö % Oikein
EA Suomen pääministeri 1991-1995 Esko Aho
89%
EH Haloo Helsinki!-yhtyeen laulaja ja basisti Elli Haloo
88%
EL Kokosi Suomen kansalliseepos Kalevalan Elias Lönnrot
84%
EK Tunnetaan parhaiten roolistaan Ismo Laitelana tv-sarjassa Salatut Elämät Esko Kovero
81%
EW Suomen ensimmäinen naisten ammattinyrkkeilyn maailmanmestari Eva Wahlström
71%
ER Suomen ensimmäinen naispuolustusministeri Elisabeth Rehn
69%
EG Tangolevytyksistä tunnettu pitkän linjan iskelmälaulaja Eino Grön
66%
EU Vuoden 2021 Miss Suomi Essi Unkuri
63%
EV Tv-sarjoista "Fakta homma", "Paavo ja Raili" sekä "Hynttyyt yhteen" tunnettu näyttelijätär Eija Vilpas
49%
ET SDP:tä edustava poliitikko ja Suomen pitkäaikaisin ulkoministeri Erkki Tuomioja
48%
EM Hiihdon kolminkertainen olympiavoittaja Eero Mäntyranta
47%
ES Virkamies, joka ampui Suomen kenraalikuvernööri Nikolai Bobrikovin Eugen Schauman
46%
EJ Erityisesti Koli-aiheisista maalauksistaan tunnettu taiteilija Eero Järnefelt
43%
EE Helsingin Sanomia edeltäneen Päivälehden perustaja Eero Erkko
42%
EN Lastenkirjailija ja näyttelijä Eppu Nuotio
34%
EB Entinen ministeri ja RKP:n presidenttiehdokas 2012 Eva Biaudet
33%
EC Muistetaan Uuno Turhapuro-elokuvien Unelma Säleikkönä Elli Castrén
31%
EP Ensimmäinen Finlandia-palkinnolla palkittu kirjailija Erno Paasilinna
24%
EI Maalasi Venäjän sortokausia symboloineen Hyökkäys-teoksen Eetu Isto
9%
Ehtoja vastaavia visoja ei löytynyt
Tulosjakauma
Jokaisen tuloksen saaneiden osuus
Persentiili vastausten määrän mukaan
Tuloshistoriasi
Et ole pelannut tätä visaa sen viimeisimmän päivityksen jälkeen